Plant biotechnology / (Record no. 26518)
[ view plain ]
| 000 -LEADER | |
|---|---|
| fixed length control field | 01163nam a2200289 a 4500 |
| 005 - DATE AND TIME OF LATEST TRANSACTION | |
| control field | 2009051804374.0 |
| 008 - FIXED-LENGTH DATA ELEMENTS--GENERAL INFORMATION | |
| fixed length control field | 931110s1994 fluaf b 001 0 eng |
| 010 ## - LCCN (DPL NO) | |
| LC control number | ENG-93575 |
| 020 ## - INTERNATIONAL STANDARD BOOK NUMBER | |
| International Standard Book Number | 9788180940378 |
| Terms of availability | 240.00 |
| 035 ## - SYSTEM CONTROL NUMBER | |
| System control number | EN-77108 |
| 035 ## - SYSTEM CONTROL NUMBER | |
| System control number | G-001286 |
| 037 ## - SOURCE OF ACQUISITION | |
| Source of stock number/acquisition | DBAD / PUB |
| 040 ## - CATALOGING SOURCE | |
| Original cataloging agency | dpl |
| Language of cataloging | English |
| 082 ## - DEWEY DECIMAL CLASSIFICATION NUMBER | |
| Classification number | 630 |
| 100 ## - MAIN ENTRY--PERSONAL NAME | |
| Personal name | Nirmala, C.B. |
| 9 (RLIN) | 34422 |
| 245 ## - TITLE STATEMENT | |
| Title | Plant biotechnology / |
| Statement of responsibility, etc | by C.B. Nirmala, G. Rajalakshmi [and] Chandra Karthik |
| 260 ## - PUBLICATION, DISTRIBUTION, ETC. (IMPRINT) | |
| Place of publication, distribution, etc | Chennai |
| Name of publisher, distributor, etc | MJP Publishers |
| Date of publication, distribution, etc | 2009 |
| 270 ## - ADDRESS | |
| Address | 47, Nallathambi Street, Triplicane |
| City | Chennai |
| Postal code | 600005 |
| 300 ## - PHYSICAL DESCRIPTION | |
| Extent | xx, 381p.: |
| Dimensions | 22cm(pbk) |
| Other physical details | ill. |
| 500 ## - GENERAL NOTE | |
| General note | Includes glossary, references and index |
| 650 ## - SUBJECT ADDED ENTRY--TOPICAL TERM | |
| Topical term or geographic name as entry element | Plant biotechnology |
| 9 (RLIN) | 34423 |
| 700 ## - ADDED ENTRY--PERSONAL NAME | |
| Personal name | Rajalakshmi, G. |
| 9 (RLIN) | 34424 |
| 700 ## - ADDED ENTRY--PERSONAL NAME | |
| Personal name | Chandra Karthick |
| 9 (RLIN) | 34425 |
| 942 ## - ADDED ENTRY ELEMENTS (KOHA) | |
| Source of classification or shelving scheme | Dewey Decimal Classification |
| Item type | English Books |
| Call number suffix | NIR |
| Classification part | 630 |
| Withdrawn status | Lost status | Source of classification or shelving scheme | Damaged status | Not for loan | Collection code | Home library | Current library | Date acquired | Source of acquisition | Cost, normal purchase price | Total Checkouts | Full call number | Barcode | Date last seen | Copy number | Cost, replacement price | Koha item type | Total Renewals |
|---|---|---|---|---|---|---|---|---|---|---|---|---|---|---|---|---|---|---|
| Dewey Decimal Classification | Not For Loan | Non-fiction | D.B.Act.Division | D.B.Act.Division | 18/05/2009 | DBAD / PUB | 240.00 | 630 NIR | EN-77108 | 18/05/2009 | 1 | 240.00 | English Books | |||||
| Dewey Decimal Classification | Non-fiction | Janak Puri | Janak Puri | 05/09/2011 | bppd/gift | 240.00 | 11 | 630 NIR | G-001286 | 12/08/2025 | 1 | 240.00 | English Books | 1 |
